Sports Quiz

Random Sports or Soccer Quiz

2010 World Cup by Top Goal Scorer Quiz Stats

 Plays Quiz Updated Nov 5, 2018

Score 0/30 Timer 07:00
10 Plays Today
Top Scorer Country % Correct
David VillaSpain
93.8%
Landon DonovanUnited States
93%
Steven GerrardEngland
92.9%
Thomas MüllerGermany
89.4%
Wesley SneijderNetherlands
89.3%
Keisuke HondaJapan
88.1%
Samuel Eto'oCameroon
87.6%
Lee Chung YongKorea Republic
86.6%
Didier DrogbaCote d'Ivoire
86.2%
Diego ForlanUruguay
85.2%
Javier HernandezMexico
82.6%
Antonio Di NataleItaly
80.8%
Asamoah GyanGhana
79.9%
Luis FabianoBrazil
79.8%
Gonzalo HiguainArgentina
79.8%
Top Scorer Country % Correct
Florent MaloudaFrance
79.7%
Ji Yun NamKorea DPR
77.7%
TiagoPortugal
76%
Nicklas BendtnerDenmark
71.9%
Vasileios TorosidisGreece
71.8%
Siphiwe TshabalalaSouth Africa
71.3%
Milan JovanovicSerbia
63.4%
Brett HolmanAustralia
62.7%
Mark GonzalezChile
57.1%
Robert VittekSlovakia
54.7%
Kalu UcheNigeria
53.3%
Enrique VeraParaguay
51.6%
Shane SmeltzNew Zealand
51.3%
Valter BirsaSlovenia
47.7%
Gelson FernandesSwitzerland
43%

You're not logged in!

Compare scores with friends on all Sporcle quizzes.
OR
Log In

Show Comments

Extras

Top Quizzes Today


Score Distribution

Your Account Isn't Verified!

In order to create a playlist on Sporcle, you need to verify the email address you used during registration. Go to your Sporcle Settings to finish the process.

Report this User

Report this user for behavior that violates our Community Guidelines.

Details: